|
|
|
|
| LEADER |
00000naa2a2200000 4500 |
| 001 |
249187 |
| 005 |
20231031212747.0 |
| 035 |
|
|
|a (RuTPU)RU\TPU\book\271209
|
| 035 |
|
|
|a RU\TPU\book\271208
|
| 090 |
|
|
|a 249187
|
| 100 |
|
|
|a 20140202d2011 k y0rusy50 ca
|
| 101 |
0 |
|
|a rus
|
| 102 |
|
|
|a RU
|
| 200 |
1 |
|
|a Индикаторы устойчивого развития регионального уровня
|f О. Каташева
|g науч. рук. Н. И. Лаптев
|
| 225 |
1 |
|
|a Экологическая безопасность и устойчивое развитие регионов
|
| 320 |
|
|
|a Библиогр.: с. 297 (6 назв.)
|
| 461 |
|
1 |
|0 (RuTPU)RU\TPU\book\251726
|t Исследования молодых - регионам
|o сборник трудов I Всероссийской научно-практической конференции, 29-31 марта 2011 г., г. Томск
|f Национальный исследовательский Томский политехнический университет (ТПУ), Новокузнецкий филиал (НФ); под ред. С. И. Каковихиной
|d 2011
|
| 463 |
|
0 |
|0 (RuTPU)RU\TPU\book\250366
|y 978-5-98298-906-2
|t Т. 1
|v C. 293-297
|d 2011
|p 340 с.
|
| 610 |
1 |
|
|a индикаторы
|
| 610 |
1 |
|
|a устойчивое развитие
|
| 610 |
1 |
|
|a регионы
|
| 610 |
1 |
|
|a региональный уровень
|
| 610 |
1 |
|
|a окружающая среда
|
| 610 |
1 |
|
|a Томская область
|
| 700 |
|
1 |
|a Каташева
|b О.
|
| 702 |
|
1 |
|a Лаптев
|b Н. И.
|4 727
|
| 801 |
|
1 |
|a RU
|b 63413507
|c 20131111
|
| 801 |
|
2 |
|a RU
|b 63413507
|c 20140202
|g RCR
|
| 942 |
|
|
|c BK
|